Marvel Weapons - Statistics

General Stats
  • This quiz has been taken 89 times
  • The average score is 6 of 13
Answer Stats
Weapon User % Correct
Mjolnir Thor
100%
Infinity Gaunlet Thanos
99%
Shield Captain America
97%
Eye of Agamotto Doctor Strange
87%
The Ten Rings The Mandarin
53%
All Black the Necrosword Gorr
45%
Ebony Blade Black Knight
35%
Stormbreaker Beta Ray Bill
33%
Soul Sword Magik
19%
Soul Dagger Pixie
12%
Amulet of Right Captain Britain
8%
Nega Bands Quasar
7%
The Staff of One Nico Minoru
5%
No matching quizzes found
Score Distribution
Percent of People with Each Score
Percentile by Number Answered
Your Score History
You have not taken this quiz